000
00212nam a22000857a 4500
008
170125b xxu||||| |||| 00| 0 eng d
100
_9
2568
_a
Das.R.
245
_a
General Knowledge-2
260
_a
New Delhi
_b
F.B.&CO
_c
2011
999
_c
5678
_d
5678